000
00256nam a2200109Ia 4500
100
_a
Hart/K.R
650
_a
Draughtsman
942
_c
BK
245
_a
Engineering Drawing With Problems & Solutions
260
_b
English language book society
300
_a
188
999
_c
28846
_d
28846